| 000 | 00865nam a2200253 a 4500 | ||
|---|---|---|---|
| 001 | 66775 | ||
| 003 | BD-RjUL | ||
| 005 | 20211209081557.0 | ||
| 008 | 170320s1985 nyu b 001 0 eng d | ||
| 020 | _a0471815772 : | ||
| 035 | _a(BD-RjUL)66906 | ||
| 040 |
_aBD-RjUL _beng _cBD-RjUL _dBD-RjUL |
||
| 041 | _aeng | ||
| 082 |
_223 _a511.5 _bPAG 1985 |
||
| 100 | 1 |
_aPalmer, Edgar M. _9197680 |
|
| 245 | 1 | 0 |
_aGraphical evolution : _ban introduction to the theory of random graphs ... / _cEdgar M. Palmer |
| 260 |
_aNew York : _bJohn Wiley & Sons, _cc1985. |
||
| 300 |
_axvii, 177 p ; _c26 cm. |
||
| 490 | _aWiley-Interscience series in discrete mathematics and optimization | ||
| 504 | _aIncludes Bibliography and index. | ||
| 650 | 0 |
_aGraph theory _9197681 |
|
| 830 | 0 |
_aWiley-Interscience series in discrete mathematics and optimization _9197682 |
|
| 942 |
_2ddc _cBK |
||
| 999 |
_c66775 _d66775 |
||